<?xml version="1.0" encoding="UTF-8"?><?xml-stylesheet type="text/xsl" href="static/style.xsl"?><OAI-PMH xmlns="http://www.openarchives.org/OAI/2.0/" xmlns:xsi="http://www.w3.org/2001/XMLSchema-instance" xsi:schemaLocation="http://www.openarchives.org/OAI/2.0/ http://www.openarchives.org/OAI/2.0/OAI-PMH.xsd"><responseDate>2026-04-13T02:39:40Z</responseDate><request verb="GetRecord" identifier="oai:www.recercat.cat:2099.1/16590" metadataPrefix="marc">https://recercat.cat/oai/request</request><GetRecord><record><header><identifier>oai:recercat.cat:2099.1/16590</identifier><datestamp>2025-07-22T17:03:28Z</datestamp><setSpec>com_2072_1033</setSpec><setSpec>col_2072_452951</setSpec></header><metadata><record xmlns="http://www.loc.gov/MARC21/slim" xmlns:dcterms="http://purl.org/dc/terms/" xmlns:xsi="http://www.w3.org/2001/XMLSchema-instance" xmlns:doc="http://www.lyncode.com/xoai" xsi:schemaLocation="http://www.loc.gov/MARC21/slim http://www.loc.gov/standards/marcxml/schema/MARC21slim.xsd">
   <leader>00925njm 22002777a 4500</leader>
   <datafield ind2=" " ind1=" " tag="042">
      <subfield code="a">dc</subfield>
   </datafield>
   <datafield ind2=" " ind1=" " tag="720">
      <subfield code="a">Toro Galván, Jaime</subfield>
      <subfield code="e">author</subfield>
   </datafield>
   <datafield ind2=" " ind1=" " tag="260">
      <subfield code="c">2012-11-22</subfield>
   </datafield>
   <datafield ind2=" " ind1=" " tag="520">
      <subfield code="a">Estas líneas sirven para resumir lo que en páginas posteriores será el desarrollo completo del proyecto&#xd;
final de carrera. Como indica el título “Seguimiento de obra de un edificio industrial entre medianeras en&#xd;
Barcelona” el objetivo es reflejar los procesos de ejecución, control de costes, planificación y control de&#xd;
calidad, así como los diferentes procesos necesarios para el control de una obra.&#xd;
En una primera parte, veremos de forma general la metodología de control y seguimiento de la obra, en&#xd;
el que detallamos el proceso de contratación y el plan de seguimiento y organización en obra.&#xd;
Para entender todos los pasos que se han llevado a cabo en la obra, es necesario explicarlo sin&#xd;
dejarnos ninguno de ellos. Para ello realizaremos una presentación de la obra, donde detallaremos el&#xd;
proyecto ejecutivo, el estudio de seguridad y el plan de control de calidad. Una vez vista la obra teórica,&#xd;
se realizará un resumen de lo ejecutado previamente a la práctica y a continuación se reflejará el&#xd;
seguimiento mensual, tareas realizadas, desarrollo y seguimiento fotográfico.&#xd;
Finalmente, analizamos algunos cambios respecto al proyecto inicial e incidencias en la ejecución y&#xd;
veremos los resultados económicos y de plazos de ejecución una vez finalizados los trabajos.&#xd;
Los anexos contienen documentos relacionados con los temas desarrollados en la memoria. Donde se&#xd;
han incluido, los informes realizados con carácter mensual y el último informe económico por partidas&#xd;
ejecutadas.</subfield>
   </datafield>
   <datafield tag="653" ind2=" " ind1=" ">
      <subfield code="a">Àrees temàtiques de la UPC::Edificació::Gestió d'obres</subfield>
   </datafield>
   <datafield tag="653" ind2=" " ind1=" ">
      <subfield code="a">Àrees temàtiques de la UPC::Arquitectura::Projectes arquitectònics</subfield>
   </datafield>
   <datafield tag="653" ind2=" " ind1=" ">
      <subfield code="a">Architecture--Designs and plans</subfield>
   </datafield>
   <datafield tag="653" ind2=" " ind1=" ">
      <subfield code="a">Industrial buildings</subfield>
   </datafield>
   <datafield tag="653" ind2=" " ind1=" ">
      <subfield code="a">Arquitectura -- Projectes</subfield>
   </datafield>
   <datafield tag="653" ind2=" " ind1=" ">
      <subfield code="a">Edificis industrials</subfield>
   </datafield>
   <datafield ind2="0" ind1="0" tag="245">
      <subfield code="a">Seguimiento de obra de un edificio industrial entre medianeras en Barcelona</subfield>
   </datafield>
</record></metadata></record></GetRecord></OAI-PMH>